000 00425nam a2200169Ia 4500
008 230524s9999 xx 000 0 und d
020 _a9788120320581
082 _a621.3192
_bGAY
100 _aRamakant A.Gayakward
245 0 _aOP-Amps and Linear Integrated Circuits
250 _a1ST
260 _aNEW DELHI
_bPHI
_c2002
300 _aXV;543
500 _aQuantity Number: 134
650 _aElectronics
942 _cBK
999 _c18404
_d18404